LEADER 00958nam0-22003491i-450- 001 990003279580403321 005 20060123150142.0 035 $a000327958 035 $aFED01000327958 035 $a(Aleph)000327958FED01 035 $a000327958 100 $a20030910d1958----km-y0itay50------ba 101 0 $afre 102 $aFR 105 $aa-------001yy 200 1 $aGeographie économique des Etats-Unis$fM. Perpillou 205 $a1 210 $aParigi$cCDU$d1958 215 $a185 p., [5] c. ripieg.$cill.$d28 cm 225 1 $a<>cours de Sorbonne 610 0 $aStati Uniti 676 $a207.000 700 1$aPerpillou,$bAimé$f<1902-1976>$0417020 801 0$aIT$bUNINA$gRICA$2UNIMARC 901 $aBK 912 $a990003279580403321 952 $a207.000.PER$b16129$fDECGE 952 $aK-06-076$bIst. 6759$fILFGE 959 $aDECGE 959 $aILFGE 996 $aGeographie économique des Etats-Unis$9451275 997 $aUNINA LEADER 01135nam0 2200301 450 001 000026618 005 20100524102254.0 100 $a20090918d1926----km-y0itay50------ba 101 0 $aita 102 $aIT 200 1 $aDUX$fMargherita G. Sarfatti$g[prefazione di Benito Mussolini]$g32 illustrazioni fuori testo e 5 autografi 205 $aSeconda ed. 210 $aMilano$cMondadori$d1926 215 $a326 p., [48] c. di tav.$cill.$d23 cm. 316 $aSul frontespizio: Sergio de Pilato, luglio del '926 600 1$aMussolini,$bBenito 676 $a945.0915092$v(21. ed.)$9Storia d'Italia. Periodo fascista, 1922-1943. Persone 700 1$aSarfatti,$bMargherita G.$075318 801 0$aIT$bUniversità della Basilicata - B.I.A.$gRICA$2unimarc 912 $a000026618 996 $aDUX$990204 997 $aUNIBAS BAS $aLETTERE CAT $aTTM$b30$c20090918$lBAS01$h1336 CAT $aATR$b40$c20100524$lBAS01$h1022 CAT $aATR$b40$c20100524$lBAS01$h1022 FMT Z30 -1$lBAS01$LBAS01$mBOOK$1BASA1$APolo Storico-Umanistico$2FDEP2$BFondo De Pilato Biscione$3FD/108746$6108746$5L108746$820090918$f52$FRari